000
00298nam a22001337a 4500
008
170620b xxu||||| |||| 00| 0 eng d
020
_a
9780807744277
041
_a
eng
080
_a
32
100
_a
20
101
_a
SHP
245
_a
LETTERS TO THE NEXT PRESIDENT
_c
GLICKMAN,C
942
_2
udc
_c
BK
999
_c
18247
_d
18247